April Fools' Day Logic Puzzle Quiz Stats

 Plays Quiz Updated Feb 19, 2018

Score 0/24 Timer 20:00
10 Plays Today
Person Status % Correct



April



???
100%



Naomi



???
74.8%



Irina



???
71.4%



Danny



???
68.1%



Ellen



???
65.6%



Zooey



???
63.4%



Rhett



???
61.6%



Yusuf



???
51%



Brian



???
46.4%



Stacy



???
43.7%



Chloe



???
40.1%



Greta



???
38.6%
Person Status % Correct



Oscar



???
38.6%



Kayla



???
32%



Henry



???
31.5%



Xandi



???
30%



Vicky



???
24.3%



Monty



???
23.7%



Paige



???
22.7%



Waldo



???
20.6%



Frank



???
19.4%



Tobin



???
18.8%



Linus



???
18%



Jacob



???
16.4%

You're not logged in!

Compare scores with friends on all Sporcle quizzes.
OR
Log In

You Might Also Like...

Show Comments

Extras

Top Quizzes Today


Score Distribution

Your Account Isn't Verified!

In order to create a playlist on Sporcle, you need to verify the email address you used during registration. Go to your Sporcle Settings to finish the process.

Report this User

Report this user for behavior that violates our Community Guidelines.

Details: